000 00415nam a2200145Ia 4500
008 230917s9999||||xx |||||||||||||| ||und||
040 _e60357
_aMAIN
041 _aEnglish
082 _a379.54 A12G
100 _aWilliams, Mary Frase, ed.
245 0 _aGovernment in the classroom: Dollars and powers in education
260 _aNew York
_bAcademy of Political Science
_c1979
300 _axii, 160 p.
942 _cBK
999 _c71544
_d71544